书目信息 |
| 题名: |
1994~2003年款奥迪/沃尔沃车系电路图集
|
|
| 作者: | 张熙方 , 王彩霞 主编 | |
| 分册: | ||
| 出版信息: | 北京 人民交通出版社 2004.10 |
|
| 页数: | 617页 | |
| 开本: | 26cm | |
| 丛书名: | 进口轿车电路维修丛书 | |
| 单 册: | ||
| 中图分类: | U469.110.2-64 | |
| 科图分类: | ||
| 主题词: | 轿车--电路图 , 轿车 , 电路图 | |
| 电子资源: | ||
| ISBN: | 7-114-05001-1 | |
| 000 | 01092oam2 2200301 450 | |
| 001 | 002772236 | |
| 005 | 20070605151318.50 | |
| 010 | @a7-114-05001-1@dCNY65.00 | |
| 100 | @a20041201d2004 em y0chiy0110 ea | |
| 101 | 0 | @achi |
| 102 | @aCN@b110000 | |
| 105 | @ay z 001yy | |
| 200 | 1 | @a1994~2003年款奥迪/沃尔沃车系电路图集@A1994~2003 Nian Kuan Ao Di / Wo Er Wo Che Xi Dian Lu Tu Ji@f张熙方,王彩霞主编@FZhang Xi Fang, Wang Cai Xia Zhu Bian |
| 210 | @a北京@c人民交通出版社@d2004.10 | |
| 215 | @a617页@d26cm | |
| 225 | 2 | @a进口轿车电路维修丛书 |
| 330 | @a本书有针对性地汇编了1994~2003年款奥迪车系发动机系统、自动变速器系统的电路图,1994~2000年款沃尔沃车系的发动机系统、ABS系统等进行了对照、归纳与整理。 | |
| 410 | 0 | @12001 @a进口轿车电路维修丛书 |
| 606 | 0 | @a轿车@x电路图 |
| 606 | 0 | @a轿车 |
| 606 | 0 | @a电路图 |
| 610 | 0 | @a奥迪轿车@a沃尔沃轿车 |
| 690 | @aU469.110.2-64@v4 | |
| 701 | 0 | @a张熙方@AZhang Xi Fang@4主编 |
| 701 | 0 | @a王彩霞@AWang Cai Xia@c(汽车维修)@4主编 |
| 801 | 0 | @aCN@bTIGERTAZAN@c20070605 |
| 905 | @aBZT@dU469.110.2-64@e2 | |
| 906 | @dCNY65.00@n0@r1 | |
| 1994~2003年款奥迪/沃尔沃车系电路图集/张熙方,王彩霞主编.-北京:人民交通出版社,2004.10 |
| 617页;26cm.-(进口轿车电路维修丛书) |
| ISBN 7-114-05001-1:CNY65.00 |
| 本书有针对性地汇编了1994~2003年款奥迪车系发动机系统、自动变速器系统的电路图,1994~2000年款沃尔沃车系的发动机系统、ABS系统等进行了对照、归纳与整理。 |
| ● |
| 相关链接 |
|
|
|
正题名:1994~2003年款奥迪/沃尔沃车系电路图集
索取号:U469.110.2-64/2
 
预约/预借
| 序号 | 登录号 | 条形码 | 馆藏地/架位号 | 状态 | 备注 |
| 1 | 541574 | 230138706 | 中心书库北库/ 北库040架B面2列7层10/ [索取号:U469.110.2-64/2] | 在馆 | |
| 2 | 541575 | 230138707 | 中心书库北库/ 北库040架B面2列7层4/ [索取号:U469.110.2-64/2] | 在馆 | |
| 3 | 541576 | 230138703 | 中心书库北库/ 北库040架B面2列7层5/ [索取号:U469.110.2-64/2] | 在馆 | |
| 4 | 541577 | 230138704 | 中心书库北库/ 北库040架B面2列7层8/ [索取号:U469.110.2-64/2] | 在馆 | |
| 5 | 541578 | 230138705 | 中心书库北库/ 北库040架B面2列7层1/ [索取号:U469.110.2-64/2] | 在馆 | |
| 6 | 541579 | 230138698 | 中心书库北库/ 北库040架B面2列7层3/ [索取号:U469.110.2-64/2] | 在馆 | |
| 7 | 541580 | 230138702 | 中心书库北库/ 北库040架B面2列7层7/ [索取号:U469.110.2-64/2] | 在馆 | |
| 8 | 541581 | 230138701 | 中心书库北库/ 北库040架B面2列7层9/ [索取号:U469.110.2-64/2] | 在馆 | |
| 9 | 541582 | 230138699 | 中心书库北库/ 北库040架B面2列7层2/ [索取号:U469.110.2-64/2] | 在馆 | |
| 10 | 541583 | 230138700 | 中心书库北库/ 北库040架B面2列7层6/ [索取号:U469.110.2-64/2] | 在馆 |